| 000 | 00964cab a2200229 4500 | ||
|---|---|---|---|
| 001 | WB2831-40 | ||
| 008 | 090401t1992 xxu||||| |||| 00| 0 eng d | ||
| 035 | _a(Sirsi) u73111 | ||
| 041 | _aeng | ||
| 245 | _aAdverse possession | ||
| 260 | _c1992 | ||
| 350 | _a0 | ||
| 490 |
_aEstates Gazette Case Summaries _v(1992) EGCS 102(1) (1/8/92) |
||
| 520 | _a"Pulleyn v Hall Aggregates (Thames Valley) Ltd CA 16 July 1992. This concerned the determination of adverse possession of land by establishing factual possession and the requisite intention to possess. The disputed owner did not pass these tests, only using the land as a site for the parking of cars and boats for clubs, which was the use the true owners of the land wished to make of it also. | ||
| 650 | _aADVERSE POSSESSION | ||
| 650 | _aCAR PARKING | ||
| 650 | _aPOSSESSORY TITLE | ||
| 650 | _aSAILING CLUBS | ||
| 690 | _aPROPERTY LAW AND PRACTICE-CASE LAW | ||
| 942 | _n0 | ||
| 948 | _c04/03/1997 | ||
| 999 |
_c46233 _d46233 |
||